Spanish: Pronouns - Statistics

General Stats
  • This quiz has been taken 161 times
    31 since last reset
  • The average score is 40 of 56
Answer Stats
Español English % Correct
Todos(as)/To' (also every) All
100%
Alguno/Alguna (also either, some, somebody, anybody) Any
100%
Él He
100%
Mi My
100%
Nadie Nobody
100%
Nada (also anything) Nothing
100%
Ella She
100%
Algunos(as) (also a few)/Un poco de (also a little (bit), a bit of) Some
100%
Esos These
100%
Aquellos Those
100%
Qué/Lo que What
100%
Cuál/Qué Which
100%
Quién/Que (also that)/El cual (also that, which) Who
100%
Tú/Usted/Ti/Te/Me/Os/Le (also it, him, her)/Les (also them) You
100%
Tu/Vuestro(a)/Tus Your
100%
Tuyo(s)/Tuya(s)/Tus/Vuestro(s)/Vuestra(s)/Suyo(s)/Suya(s) (also his, hers, theirs) Yours
100%
Su (also your, their)/Sus (also your, its, his)/La (also it) Her
88%
Yo/Me (also me)/Lo (also it, him) I
88%
Alguien Somebody
88%
Algo Something
88%
Eso(a) (also this)/Ese (also that one)/Aquel/Aquella That
88%
Ellos/Ellas They
88%
Este/Esta/Esa (also that) This
88%
Nosotros/Nos (also us) We
88%
Conmigo With me
88%
Cualquier persona (also any person)/Toda persona Anyone
75%
Ambos/Ambas/Los dos/Las dos Both
75%
Todo/Toda (also all, every, whole, full) Everything
75%
Lo/Se (also itself)/Me lo (also I)/Hace (also it is) It
75%
Yo mismo(a)/Mí Myself
75%
Unos/Unos pocos/Unos cuantos A few
63%
Cualquiera (also anyone, any) Anybody
63%
Cualquier cosa/Nada (also nothing) Anything
63%
Ella misma Herself
63%
Él mismo Himself
63%
El suyo/Los suyos/De él/La suya/Las suyas His
63%
Nosotros mismos Ourself
63%
Ellos mismos Themself
63%
Contigo (also to you)/Consigo (also with him) With you
63%
Cada uno/Cada una Each
50%
Todo el mundo (also everybody)/Cada quién (also each person, each one of us) Everyone
50%
Se (also it, himself, herself, oneself, yourself) Itself
50%
Ningún (also no, none) Neither
50%
Ninguno/Ninguna (also neither) None
50%
Suyo/Suya (also his, hers, yours) Theirs
50%
Quienquiera que Whoever
50%
A quien/A las cuales/A los cuales/A la cual/A quienes Whom
50%
Cuyo(s)/Cuya(s)/De quién/De quienes Whose
50%
Tú mismo/Ti mismo Yourself
50%
Uno mismo Oneself
38%
Cualquiera de los dos Either
25%
Demás (also rest, others) Other
25%
Tal o cual/Tal y tal (also so-and-so) Such and such
25%
Las que/Los que (also those who) Those that
25%
Cualesquiera/Todo lo que/Lo que sea Whatever
25%
Unos a otros/Unos de otros (also each other) One another
13%
No matching quizzes found
Score Distribution
Percent of People with Each Score
Percentile by Number Answered
Your Score History
You have not taken this quiz since the last reset